000 00634nam a2200193Ia 4500
003 IN-BaIIA
008 211028s9999 xx 000 0 eng d
020 _a0-85296-865-5
040 _cIIA Library
080 _a546.682
_bPRO
245 0 _aProperties of lattice - matched and strained indium gallium arsenide
_cedited by Pallab Bhattacharya
260 _aLondon
_bINSPEC
_c1993
300 _axxi, 317p.
490 _aEMIS datareviews series; no. 8
650 _aGallium arsenide semiconductors.
_931348
650 _aIndium alloys.
_931349
700 _aBhattacharya, Pallab .,ed.
_931350
942 _cBK
999 _c16785
_d16785